| 000 | 00604nam a2200217Ia 4500 | ||
|---|---|---|---|
| 003 | OSt | ||
| 005 | 20230503141805.0 | ||
| 008 | 210423s2015 xx 000 0 und d | ||
| 020 | _a978-1-107-09680-6 | ||
| 040 | _cAL | ||
| 041 | _aeng | ||
| 082 |
_a331.10954 _223 _bRAML |
||
| 100 |
_aRAMASWAMY (K V) _997114 |
||
| 245 | _aLabour employment and economic groth in India | ||
| 260 |
_aDelhi _bCambridge University Press _c2015 |
||
| 300 |
_axviii,323 _bHB |
||
| 365 |
_b995 _cINR |
||
| 650 |
_aLabour Economics _997115 |
||
| 906 | _aeconomic ; employment ; groth ; India ; Labour | ||
| 942 |
_2ddc _cBK |
||
| 999 |
_c170793 _d170793 |
||